Linear Circuits: Analysis and Synthesis (Record no. 5695)

MARC details
005 - DATE AND TIME OF LATEST TRANSACTION
control field 20250627144446.0
020 ## - INTERNATIONAL STANDARD BOOK NUMBER
International Standard Book Number 9780195670019
082 ## - DEWEY DECIMAL CLASSIFICATION NUMBER
Classification number 539.7 RAM
100 ## - MAIN ENTRY--PERSONAL NAME
Author name RAMAKALYAN, A.
245 ## - TITLE STATEMENT
Title Linear Circuits: Analysis and Synthesis
260 ## - PUBLICATION, DISTRIBUTION, ETC.
Place of publication, distribution, etc. New Delhi,
Name of publisher, distributor, etc. Oxford University Press,
Date of publication, distribution, etc. 2005
300 ## - PHYSICAL DESCRIPTION
Extent 623p.;
Other physical details Bibliography
Dimensions 24cm
942 ## - ADDED ENTRY ELEMENTS (KOHA)
Source of classification or shelving scheme Dewey Decimal Classification
Koha item type Books
Holdings
Date last seen Total checkouts Full call number Barcode Cost, replacement price Price effective from Koha item type Lost status Source of classification or shelving scheme Damaged status Not for loan Withdrawn status Home library Current library Shelving location Date acquired Cost, normal purchase price
06/27/2025   539.7 RAM DOM000903 135000.00 06/27/2025 Books   Dewey Decimal Classification       CBE Dodoma CBE Dodoma General Collection 10/24/2017 45000.00